000
00306nam a2200133Ia 4500
005
20251222155206.0
008
251222s9999||||xx |||||||||||||| ||spa||
082
_a
LEN.68
100
_a
MARIA ARGUEDAS,José.
245
0
_a
Todas las sangres
250
_a
1ra. ed.
264
_b
El comercio
942
_c
LIB
999
_c
40115
_d
40115